000 00894cam a22002891 4500
999 _c129462
_d129462
001 8444333
003 ARRUPE
005 20190425123106.0
008 770615s1962 enka b 000 0 eng
010 _a 63001657
015 _aGB62-16210
035 _a(OCoLC)3043349
040 _aDLC
_cNcRS
_dOCoLC
_dUk
_dDLC
042 _apremarc
050 0 0 _aPE1135
_b.G5 1965
082 _a421.5
100 1 _aGimson, A. C.
_945988
245 1 3 _aAn introduction to the pronunciation of English.
_cA.C. Gimson
260 _aLondon,
_bE. Arnold
_c[1965]
300 _a294 p.
_billus.
_c23 cm.
504 _aIncludes bibliography.
650 0 _aEnglish language
_xPhonetics.
_945989
650 0 _aEnglish language
_xPronunciation.
_945990
740 0 _aPronunciation of English.
906 _a7
_bcbc
_coclcrpl
_du
_encip
_f19
_gy-gencatlg
942 _2lcc
_cMONOGRAPH